Jake Gyllenhaal Movies Quiz Stats

 Plays Quiz Updated Jan 1, 2021

     
Support Sporcle.
Go Orange.
Score 0/37 Timer 06:00
0 Plays Today
Year Movie % Correct
2001Donnie Darko
79.7%
2019Spider-Man: Far From Home
78.1%
2005Brokeback Mountain
78%
2014Nightcrawler
71.8%
2013Prisoners
56.3%
2015Southpaw
52.9%
2005Jarhead
51.5%
2009Brothers
44%
2004The Day After Tomorrow
41.6%
1999October Sky
41%
2016Nocturnal Animals
40.7%
2019Velvet Buzzsaw
40.5%
2013Enemy
38.2%
2007Zodiac
37.9%
2001Bubble Boy
34.9%
2017Stronger
34.8%
2010Prince of Persia: The Sands of Time
34.2%
2012End of Watch
33.7%
2017Life
33.7%
Year Movie % Correct
2017Okja
32.2%
2015Demolition
31.7%
2015Everest
31.2%
2010Love and Other Drugs
26.2%
2002The Good Girl
26%
2018Wildlife
23.1%
2011Source Code
22.8%
2018The Sisters Brothers
22%
2015Accidental Love
18.7%
1991City Slickers
17.5%
2007Rendition
16.8%
2005Proof
13.7%
2002Moonlight Mile
11.4%
2002Highway
8.1%
2001Lovely and Amazing
7.5%
1993A Dangerous Woman
7.4%
1993Josh and S.A.M.
7.2%
1998Homegrown
6.1%

From the Vault

Spot the Difference II

by Cutthroat

Hope you have eagle-sharp eyesight.
Remove Ads.
Support Sporcle.
Get the best of Sporcle when you Go Orange. This ad-free experience offers more features, more stats, and more fun while also helping to support Sporcle. Thank you for becoming a member.

Show Comments

Extras

Top Quizzes Today


Score Distribution

Your Account Isn't Verified!

In order to create a playlist on Sporcle, you need to verify the email address you used during registration. Go to your Sporcle Settings to finish the process.

Report this User

Report this user for behavior that violates our Community Guidelines.

Details: